Hodnotenie použitia podielu zaplatenej dane z príjmov na osobitné účely

Mechanizmus podmienok poukazovania časti zaplatenej dane na verejnoprospešné účely. Mechanizmus podmienok poukázania časti zaplatenej dane na verejnoprospešné účely podľa zákona o daniach z príjmov. Mechanizmus podmienok poukázania časti zaplatenej dane na verejnoprospešné účely podľa zákona o dani...

ver descrição completa

Na minha lista:
Detalhes bibliográficos
Autor principal: Neupauerová, Eva
Formato: Capítulo de Livro
Idioma:eslovaco
Assuntos:
Tags: Adicionar Tag
Sem tags, seja o primeiro a adicionar uma tag!

MARC

LEADER 00000naa$a2200000$$$4500
001 0007557
005 20240502071352.0
041 0 |a slo 
044 |a SK 
245 1 0 |a Hodnotenie použitia podielu zaplatenej dane z príjmov na osobitné účely  |c aut. Eva Neupauerová 
520 |a Mechanizmus podmienok poukazovania časti zaplatenej dane na verejnoprospešné účely. Mechanizmus podmienok poukázania časti zaplatenej dane na verejnoprospešné účely podľa zákona o daniach z príjmov. Mechanizmus podmienok poukázania časti zaplatenej dane na verejnoprospešné účely podľa zákona o dani z príjmov. Porovnanie inštitútu použitia podielu zaplatenej dane s možnosťou venovania daru na verejnoprospešné účely. Použitie podielu zaplatenej dane s možnosťou venovania daru na verejnoprospešné účely podľa zákona o daniach z príjmov. Použitie podielu zaplatenej dane s možnosťou venovania daru na verejnoprospešné účely podľa zákona o dani z príjmov. 
610 2 0 |a dane z príjmov 
610 2 0 |a zákony 
610 2 0 |a organizácie verejnoprospešné 
610 2 0 |a organizácie neziskové 
100 1 |a Neupauerová, Eva